Gaming Quiz

Random Gaming or Board Games Quiz

Board Games by Nail Art Quiz Stats

Quiz Updated Dec 2, 2017

Challenge
Share
Tweet
Score 0/12 Timer 04:00
2 Plays Today
% Correct
Dominoes
98.8%
Chess
97.9%
Scrabble
94.6%
Hungry Hungry Hippos
92.5%
Cluedo
89%
Candy Land
85%
Monopoly
84.6%
Twister
76.1%
Trivial Pursuit
74.9%
Backgammon
74.9%
Sorry!
70.5%
Settlers of Catan
45.7%

You're not logged in!

Compare scores with friends on all Sporcle quizzes.
Sign Up with Email
OR
Log In

You Might Also Like...

Show Comments

Extras

Top Quizzes Today


Score Distribution

Your Account Isn't Verified!

In order to create a playlist on Sporcle, you need to verify the email address you used during registration. Go to your Sporcle Settings to finish the process.

Report this User

Report this user for behavior that violates our Community Guidelines.

Details: